000 01586nam a2200349Ia 4500
005 20220317000547.0
008 160601s2004 mx a g 000 0 spa
020 _a9701505980
082 0 4 _aR 511.0212
_bG23m
100 1 _aGieck, Kurt
245 1 0 _aManual de fórmulas técnicas
_bciencia, ingenieria, tecnología
_cKurt Gieck, Reiner Gieck ; traducción Víctor Gerez Greiser, José de la Cera Alonso
250 _a30a. edición
300 _a350 páginas
_bilustraciones
_c23 cm
500 _aIncluye índices
505 _aMetrología, el S.I. -- Matemáticas. Estadísticas -- Física. Ingeniería -- Tecnología Industrial -- Materiales. Propiedades -- Tecnología -- Tablas
650 1 4 _2LEMB
_aFormulas matemáticas
_vManuales
650 1 4 _2LEMB
_aFormulas trigonométricas
_vManuales
650 1 4 _2LEMB
_aFórmulas estadísticas
_vManuales
650 1 4 _2LEMB
_aFormulas físicas
_vManuales
650 1 4 _2LEMB
_aFormulas químicas
_vManuales
650 1 4 _2LEMB
_aFormulas geométricas
_vManuales
700 1 _aGieck, Reiner
_948220
700 1 _aGerez Greiser, Víctor
_etraductor
_948221
700 1 _aCera Alonso, José de la
_etraductor
_948222
740 _aMetrología, el S.I.;\\
_aMatemáticas. Estadísticas;\\
_aFísica. Ingeniería;\\
_aTecnología Industrial;\\
_aMateriales. Propiedades;\\
_aTecnología -- Tablas
942 _2ddc
_cBK
264 _aMéxico
_bAlfaomega
_c2004
336 _atexto
_btxt
_2rdacontent
337 _asin mediación
_bn
_2rdamedia
338 _avolumen
_bnc
_2rdacarrier
040 _aCO-BoRNBP
_bspa
_erda
_cCO-BoRNBP
999 _c4388
_d4388